000 00696nam a2200181Ia 4500
008 100921s9999 xx 000 0 und d
082 _b40978
_a891.463 न 06
100 _aचेस जेम्स हॅडली ,अनु.हुद्दार मधुकर.
245 _aफ्रोझन डेथ.
260 _bनंदादीप प्रकाशन, सोलापूर.
_c2006
300 _a104
_bजयेश एजन्सी,पुणे.
365 _b165
520 _aललित-कादंबरी.
630 _aफ्रोझन डेथ.
650 _aललित-कादंबरी.
730 _aफ्रोझन डेथ.
942 _cBOOK
999 _c790091
_d790088